[Event "Hessen-ch qual-F"]
[Site "Erlensee"]
[Date "2007.04.06"]
[Round "2"]
[White "Tatzel, Markus"]
[Black "Riegelbeck, Christian"]
[Result "1-0"]
[WhiteElo "1151"]
[BlackElo "1213"]
[PlyCount "75"]
[EventDate "2007.04.06"]
[EventType "swiss"]
[EventRounds "5"]
[EventCountry "GER"]
[SourceTitle "CBM 117 Extra"]
[Source "ChessBase"]
[SourceDate "2007.05.09"]
[SourceVersion "1"]
[SourceVersionDate "2007.05.09"]
[SourceQuality "1"]

1. d4 d5 2. c4 e6 3. Nc3 Nf6 4. Bg5 Be7 5. e3 b6 6. Nf3 Bb7 7. Bd3 c5 8. cxd5 exd5 9. Bb5+ Bc6 10. Bxc6+ Nxc6 11. dxc5 Ne4 12. Bxe7 Nxc3 13. bxc3 Nxe7 14. cxb6 axb6 15. Qb3 0-0 16. 0-0 Qc7 17. Rfc1 Ra5 18. Rab1 Rc8 19. Qxb6 Qxb6 20. Rxb6 Rxa2 21. Rb7 Nc6 22. Rd7 Nb4 23. Rd1 Nd3 24. Rxd5 Kf8 25. R5xd3 Rc2 26. h3 Ke7 27. Rd7+ Ke8 28. Ne5 R2xc3 29. Rxf7 R3c5 30. Rxg7 Rxe5 31. Rg8+ Kf7 32. Rxc8 Kg6 33. Rd6+ Kf5 34. Rf8+ Kg5 35. f4+ Kh4 36. Rh6+ Kg3 37. Rg8+ Rg5 38. Rxg5# 1-0